00498nam a22001577a 450000500170000001000130001702000150003003500130004503700410005808200060009910000220010524500540012726000580018127000810023930000200032020180718125046.0 aB-213312 a8126900288 aB-213312 bAtlantic Publishers and Distributors aN aSahu, Dharanidhar aSimple things of life:ba novelcDharanidhar Shau aNew DelhibAtlantic Publishers and Distributorsc2007 aB-2, vishal Enclave, Opp. Rajori Garden, New Delhi-110027bNew Delhie110027 a285p.c22cm(hb)